000 00447nam a2200181 i 4500
001 bg
100 1 _aFelber, Eberhard.
245 0 _aToleranzen und Passungen /
_cE. Felber, K. Felber.
250 _a12., verbesserte Aufl.
260 _aLeipzig,
_c1984.
650 9 _aTolerancje i pasowania
700 1 _aFelber, Klaus.
040 _cBPK
041 _apol
080 _a621.753
942 _cKS
008 s pl f |000 0 pol
999 _c28208
_d28208
856 _uhttp://koha.tu.koszalin.pl/cgi-bin/koha/opac-detail.pl?biblionumber=28208
_yKatalog online BPK